Les 20 villes les plus peuplées des Pyrenées Atlantiques sur une carte - Statistiques

Statistiques générales
  • Ce quiz a été pris 203 fois
  • Le résultat moyen est 12 sur 20
Réponses sur la Carte
Les réponses sont colorées sur une échelle allant du rouge au vert en fonction du pourcentage des utilisateurs qui les ont devinées à leur premier essai. Vous pouvez retrouver ces pourcentages ci-dessous.
 
Statistiques - réponses
Population Réponse % Correct
52 749 Bayonne
99%
25 764 Biarritz
99%
77 066 Pau
99%
41 153 Anglet
89%
14 601 Saint-Jean-de-Luz
89%
17 796 Hendaye
85%
10 684 Orthez
74%
10 616 Oloron-Sainte-Marie
68%
7 449 Bidart
56%
10 543 Urrugne
53%
9 524 Lescar
50%
13 915 Lons
47%
13 866 Billère
41%
8 809 Boucau
41%
7 064 Jurançon
41%
6 033 Ciboure
29%
7 476 Ustaritz
28%
7 577 Hasparren
27%
7 170 Saint-Pée-sur-Nivelle
23%
6 669 Cambo-les-Bains
21%
Aucun quiz correspondant
Distribution des résultats
% des personnes avec chaque résultat
Percentile par nombre de réponses
Votre historique - résultats
Vous n’avez pas pris ce quiz